|
|
|
|
| LEADER |
00000nam#a22000001a#4500 |
| 001 |
00031904 |
| 003 |
AR-BaUAD |
| 005 |
20230908142226.0 |
| 008 |
080627s2006####sp#ao||##||||||||#||spa|d |
| 020 |
|
|
|a 844942691X
|
| 040 |
|
|
|a AR-BaUAD
|b spa
|c AR-BaUAD
|
| 041 |
|
|
|a spa
|
| 044 |
|
|
|c es
|2 ISO3166-1
|
| 080 |
|
|
|a 797.43
|x (46)
|
| 080 |
|
|
|a 791.44
|
| 080 |
|
|
|a 791.44.02
|
| 080 |
|
|
|a 791.44.071.1
|
| 080 |
|
|
|a 791.45.072.1
|
| 100 |
1 |
|
|a Lara, Julián,
|d 1975-
|
| 245 |
1 |
0 |
|a Directed by :
|b como ser director de cine y no morir en el intento... : con valor, talento y escasos recursos.
|
| 260 |
|
|
|a Barcelona :
|b Océano,
|c c2006
|
| 300 |
|
|
|a 204 p.: :
|b il., fot. col.
|
| 500 |
|
|
|a Sumario: al inicio de la obra.
|
| 500 |
|
|
|a Prólogo: p. 9-10.
|
| 500 |
|
|
|a Introducción: p. 11-15.
|
| 500 |
|
|
|a Epílogo: p. 187-189.
|
| 500 |
|
|
|a Apéndices: p. 193-203.
|
| 500 |
|
|
|a Agradecimientos: p. 204.
|
| 653 |
|
|
|a CINE
|
| 653 |
|
|
|a DIRECTORES DE CINE
|
| 653 |
|
|
|a INDUSTRIA CINEMATOGRAFICA
|
| 653 |
|
|
|a DIRECCION DE CINE
|
| 653 |
|
|
|a PRODUCCION DE CINE
|
| 653 |
|
|
|a GUION
|
| 653 |
|
|
|a RODAJE
|
| 653 |
|
|
|a CASTING
|
| 653 |
|
|
|a FINANCIACION
|
| 653 |
|
|
|a FILMACION
|
| 653 |
|
|
|a EQUIPOS
|
| 653 |
|
|
|a MONTAJE
|
| 653 |
|
|
|a DISTRIBUCION
|
| 653 |
|
|
|a LARA, JULIAN
|
| 653 |
|
|
|a ESPAÑA
|
| 655 |
|
|
|a TEXTO
|
| 852 |
|
|
|c 134-4
|
| 952 |
|
|
|0 0
|1 0
|4 0
|6 1344
|7 0
|9 39214
|a AR-BaUAD
|b AR-BaUAD
|d 2027-06-08
|e Compra Exp.202.068/07
|i 32006
|l 0
|o 134-4
|p gquek32006
|r 2023-09-08 14:22:26
|w 2023-09-08
|y BK
|
| 990 |
|
|
|a Ej. No 1 : 32006 . 27/06/08 -- Compra Exp.202.068/07 -- (37,80 pesos).
|b ADM
|
| 990 |
|
|
|a C200
|b TD
|
| 990 |
|
|
|a GAV
|b OP
|
| 990 |
|
|
|a AAQ00031904
|b CC
|
| 998 |
|
|
|a AAQ
|b Bibun 76
|
| 942 |
|
|
|c BK
|
| 999 |
|
|
|c 19996
|d 19996
|